000 00704nam a22002177a 4500
999 _c10160
_d10160
003 AR-CdUCM
008 190306b ||||| |||| 00| 0 spa d
040 _aMUNICIPALIDAD PROVINCIAL DEL CUSCO
_cBIBLIOTECA MUNICIPAL DEL CUSCO
082 _a498.54 /
_bM26 / 1982
100 _aMartín Cuesta, José, S.J.
_910692
245 _aEl aguaruna la lengua del Cóndor /
260 _aLima :
_bStudium,
_c1982.
300 _a88 paginas ;
_c21 cm.
505 _aContenido: Lengua Aguaruna -- Pequeño diccionario Español -- Aguaruna ...
650 _aLengua awajún
_910693
650 _aGramática
_99175
650 _aGramática
_99175
650 _aEspañol
_97869
942 _2ddc
_cLIBROS
945 _aacv